000 01442aam a2200349 i 4500
999 _c46420
_d46420
001 768714001
003 CO-MdFUSB
005 20201104160544.0
007 ta
008 200521t1982 enka|||| |||| 00| 0 eng d
020 _a0631100717
040 _bspa.
_aCO-MdFUSB
_cCO-MdFUSB
_dCO-MdFUSBC
_erda
041 _aeng
082 _223
_a205
_bF912
100 1 _aFries, Jakob Friedrich
_eautor
245 1 0 _aDialogues on morality and religion
_c/ Jakob Friedrich Fries ; editado por D. Z. Phillips ; traducido por David Walford
264 1 _aOxford, Inglaterra :
_bBasil Blackwell,
_c[1982]
264 4 _c© 1982
300 _axvi, 249 páginas
_c; 24 cm
336 _atexto
_btxt
_2rdacontent
337 _2rdamedia
_asin mediación
_bn
338 _2rdacarrier
_avolumen
_bnc
490 _aValues and philosophical inquiry.
505 _aDiálogos sobre la moralidad y la religión - Paz del alma - Belleza del alma - El desarrollo moral del espíritu - Julius y Evagoras - Julius a Eugene - Providencia - Práctica religiosa - La verdad eterna - Conocer y conocimiento - Sobre la fe y el mundo de la buena y la hermosa - Sentido del hombre de la culpa - La conciencia intuitiva - Belleza
563 _aPasta dura
650 0 _91052
_aReligión
_xFilosofía
700 _93855
_aPhillips, Dewi Zephaniah,
_eeditor
700 _93856
_aWalford, David. ‎
_etraductor
942 _cBK
945 _aJTF-925